Statistics for 3-Letter Scrabble Words that start with "B"

Click here to take the quiz!

General Stats

  • This quiz has been taken 1,201 times
  • The average score is 42 of 53

Answer Stats

Answer% Correct
bat
97%
ban
96%
bad
95%
bar
94%
bet
93%
bit
93%
bag
93%
bin
92%
bed
92%
bam
91%
big
89%
ben
89%
bay
88%
beg
88%
bee
88%
bap
87%
bas
87%
but
86%
bot
86%
bid
86%
bop
86%
bal
85%
bog
84%
bod
83%
bun
83%
bah
82%
bow
82%
baa
81%
bug
80%
bel
80%
boy
80%
bob
78%
bis
78%
bum
78%
bes
77%
box
77%
bud
76%
bus
75%
bos
75%
bib
75%
boa
74%
bey
74%
boo
72%
buy
70%
bur
70%
biz
69%
bio
68%
bub
64%
bye
58%
bra
52%
bro
49%
bys
25%
brr
20%

Score Distribution

Percentile by Number Answered

Percent of People with Each Score

Your Score History

You have not taken this quiz